<?xml version="1.0" encoding="UTF-8"?><?xml-stylesheet type="text/xsl" href="static/style.xsl"?><OAI-PMH xmlns="http://www.openarchives.org/OAI/2.0/" xmlns:xsi="http://www.w3.org/2001/XMLSchema-instance" xsi:schemaLocation="http://www.openarchives.org/OAI/2.0/ http://www.openarchives.org/OAI/2.0/OAI-PMH.xsd"><responseDate>2026-06-01T06:10:58Z</responseDate><request verb="GetRecord" identifier="oai:riuma.uma.es:10630/12174" metadataPrefix="marc">https://riuma.uma.es/rest/oai/request</request><GetRecord><record><header><identifier>oai:riuma.uma.es:10630/12174</identifier><datestamp>2026-02-03T12:39:43Z</datestamp><setSpec>com_10630_2254</setSpec><setSpec>col_10630_37957</setSpec></header><metadata><record xmlns="http://www.loc.gov/MARC21/slim" xmlns:dcterms="http://purl.org/dc/terms/" xmlns:doc="http://www.lyncode.com/xoai" xmlns:xsi="http://www.w3.org/2001/XMLSchema-instance" xsi:schemaLocation="http://www.loc.gov/MARC21/slim http://www.loc.gov/standards/marcxml/schema/MARC21slim.xsd">
   <leader>00925njm 22002777a 4500</leader>
   <datafield ind2=" " ind1=" " tag="042">
      <subfield code="a">dc</subfield>
   </datafield>
   <datafield ind2=" " ind1=" " tag="720">
      <subfield code="a">Rodrigo Herrera, José Carlos</subfield>
      <subfield code="e">author</subfield>
   </datafield>
   <datafield ind2=" " ind1=" " tag="260">
      <subfield code="c">2015</subfield>
   </datafield>
   <datafield ind2=" " ind1=" " tag="520">
      <subfield code="a">En esta Tesis Doctoral se investiga la música de Málaga en Tiempos de Carlos II. Se analiza el porqué, cómo, cuándo y dónde tuvieron lugar las diferentes actividades musicales y culturales que se organizaron en la ciudad entre 1665 y 1700. Así mismo, se estudian los centros e instituciones que promovieron las actividades musicales durante esos años: el Cabildo Municipal, la Catedral, la Casa de Comedias, los conventos, las hermandades y las cofradías. En este trabajo también se investiga el papel y la influencia que tuvo la música en la vida de la población malacitana en aquella época. Además, se estudian los músicos que vivieron en esta ciudad y cómo fue su nivel de vida. En definitiva, a través de esta Tesis se da a conocer la cultura artística y musical que se desarrolló en Málaga durante ese periodo.</subfield>
   </datafield>
   <datafield ind1="8" ind2=" " tag="024">
      <subfield code="a">http://hdl.handle.net/10630/12174</subfield>
   </datafield>
   <datafield tag="653" ind2=" " ind1=" ">
      <subfield code="a">Música - Málaga - 1665-1700 - Tesis doctorales</subfield>
   </datafield>
   <datafield ind2="0" ind1="0" tag="245">
      <subfield code="a">La música en Málaga durante el reinado de Carlos II (1665 - 1700)</subfield>
   </datafield>
</record>
</metadata></record></GetRecord></OAI-PMH>